00221nam a22000977a 4500020001800000100001500018245004200033250001100075260002400086300001300110 a9780205668724 aHENRY D.J. aWRITING FOR LIFE: paragraphs & Essays a2nd ed aUSAb LONGMANc2010 a692bILL